000 00783nam a22002417a 4500
003 DO-SdBNP
005 20240903144228.0
007 ta
008 240903b1955 dr |||| |||| 00| 0 spa d
040 _aDO-SdBNP
_bspa
_cBNPHU
_erda
082 _a972.9304
_bH565b
_222
100 1 _aHerrera, Fabio F.
_eautor
_986508
245 1 3 _aLa batalla de Las Carreras :
_b(ensayo histórico) /
_cFabio F. Herrera
264 1 _a[Ciudad Trujillo, República Dominicana] :
_b[editor no identificado],
_c[1955].
300 _a42 páginas
_c22 cm.
336 _atexto
_btxt
_2rdacontent
337 _asin mediación
_bn
_2rdamedia
338 _avolumen
_bnc
_2rdacarrier
500 _aPara el concurso del centenario.
590 _aInventariado, 2024/ YL
910 _aYLockward
942 _2ddc
_cLF2
999 _c57616
_d57616